Protected Cultivation Technologies for Climate Smart Agriculture / (Record no. 50049)

MARC details
000 -LEADER
fixed length control field 00808nam a22002657a 4500
003 - CONTROL NUMBER IDENTIFIER
control field OSt
008 - FIXED-LENGTH DATA ELEMENTS--GENERAL INFORMATION
fixed length control field 260409b |||||||| |||| 00| 0 eng d
020 ## - INTERNATIONAL STANDARD BOOK NUMBER
International Standard Book Number 9789390425143
082 ## - DEWEY DECIMAL CLASSIFICATION NUMBER
Classification number 631.583
Item number G66P
245 ## - TITLE STATEMENT
Title Protected Cultivation Technologies for Climate Smart Agriculture /
Statement of responsibility, etc. edited by S. D. Gorantiwar...[et al.]
260 ## - PUBLICATION, DISTRIBUTION, ETC. (IMPRINT)
Place of publication, distribution, etc .- Delhi
Name of publisher, distributor, etc : IBPSS
Date of publication, distribution, etc , 2022
300 ## - PHYSICAL DESCRIPTION
Extent xii,117p.
650 ## - SUBJECT ADDED ENTRY--TOPICAL TERM
Topical term or geographic name as entry element Technology (Applied Sciences)
650 ## - SUBJECT ADDED ENTRY--TOPICAL TERM
Topical term or geographic name as entry element Agriculture and Related Technologies
650 ## - SUBJECT ADDED ENTRY--TOPICAL TERM
Topical term or geographic name as entry element Protected Cultivation
650 ## - SUBJECT ADDED ENTRY--TOPICAL TERM
Topical term or geographic name as entry element Greenhouses
650 ## - SUBJECT ADDED ENTRY--TOPICAL TERM
Topical term or geographic name as entry element Agricultural Technology
650 ## - SUBJECT ADDED ENTRY--TOPICAL TERM
Topical term or geographic name as entry element Smart Agriculture
700 ## - ADDED ENTRY--PERSONAL NAME
Personal name Gorantiwar, S. D.
700 ## - ADDED ENTRY--PERSONAL NAME
Personal name Kumar, Prabhat.
700 ## - ADDED ENTRY--PERSONAL NAME
Personal name Pachpute, J. S.
700 ## - ADDED ENTRY--PERSONAL NAME
Personal name Kulkarni, Shrikant S.
700 ## - ADDED ENTRY--PERSONAL NAME
Personal name Dalavi, Pradip N.
942 ## - ADDED ENTRY ELEMENTS (KOHA)
Source of classification or shelving scheme
Koha item type Books
Holdings
Withdrawn status Lost status Source of classification or shelving scheme Damaged status Not for loan Home library Current library Date acquired Source of acquisition Cost, normal purchase price Total Checkouts Full call number Barcode Date last seen Bill Date Koha item type Bill Number
          Dr. Rajendra Prasad Central Agricultural University Pusa, Dr. Rajendra Prasad Central Agricultural University Pusa, 09/04/2026 IBPS, Delhi 1450.00   631.583 G66P 87045 09/04/2026 28/01/2026 Books IBPS/021/2025-26
Hosted, Implemented, Customized & Maintained by: BestBookBuddies

Powered by Koha